Filmographie de Kate Winslet - Statistiques

Statistiques générales
  • Ce quiz a été pris 33 fois
  • Le résultat moyen est 8 sur 64
Statistiques - réponses
Hint Réponse % Correct
Films 1997 Titanic
100%
Films 2008 Les Noces rebelles
59%
Films 2009 The Reader
47%
Films 2006 The Holiday
44%
Films 2025 Avatar 3
38%
Films 2022 Avatar : La Voie de l'eau
38%
Films 2004 Eternal Sunshine of the Spotless Mind
38%
Films 2014 Divergente
31%
Films 2015 Divergente 2 : L'Insurrection
31%
Films 1995 Raison et Sentiments
28%
Films 2023 Lee Miller
25%
Productrice 2023 Lee Miller
25%
Films 1994 Créatures célestes
19%
Films 2013 Last Days of Summer
19%
Films 2006 Little Children
19%
Films 1996 Hamlet
16%
Films 2015 Haute Couture
16%
Films 2020 Ammonite
13%
Films 2003 La Vie de David Gale
13%
Télévision 2021 Mare of Easttown
13%
Télévision 2011 Mildred Pierce
13%
Films 2011 Contagion
9%
Films 1999 Holy Smoke
9%
Films 2001 Iris
9%
Films 1996 Jude
9%
Films 2017 La Montagne entre nous
9%
Films 2016 Triple 9
9%
Films 2016 Beauté cachée
6%
Films 2011 Carnage
6%
Films 2015 Les Jardins du roi
6%
Doublage 2006 Souris City
6%
Films 2015 Steve Jobs
6%
Télévision 2024 The Regime
6%
Films 2001 Enigma
3%
Films 2013 My Movie Project
3%
Films 2000 Quills, la plume et le sang
3%
Films 2005 Romance and Cigarettes
3%
Doublage 2016 The Lost Letter
3%
Doublage 2001 Un chant de Noël
3%
Films 1995 Un visiteur chez le roi Arthur
3%
Films 2017 Wonder Wheel
3%
Télévision 1992 Anglo Saxon Attitudes
0%
Doublage 2020 Baba Yaga
0%
Doublage 2020 Black Beauty
0%
Films 2019 Blackbird
0%
Doublage 2018 Buttons
0%
Doublage 2016 Daisy Chain
0%
Télévision 1991 Dark Season
0%
Doublage 2006 Deep Sea
0%
Télévision 1993 Casualty
0%
Doublage 1999 Le Cercle enchanté
0%
Télévision 2015 En pleine nature avec Bear Grylls
0%
Télévision 2005 Extras
0%
Télévision 1992-1993 Get Back
0%
Télévision 2022 I Am...
0%
Doublage 2002 La Guerre n'est pas leur jeu
0%
Doublage 2019 La Vallée des Moomins
0%
Doublage 2004 Le Clan des rois
0%
Doublage 2007 Le Renard et l'Enfant
0%
Films 2006 Les Fous du roi
0%
Doublage 2019 Manou à l'école des goélands
0%
Films 1998 Marrakech Express
0%
Doublage 2017 Mary et la fleur de la sorcière
0%
Doublage 2009 Sólskinsdrengurinn
0%
Aucun quiz correspondant
Distribution des résultats
% des personnes avec chaque résultat
Percentile par nombre de réponses
Votre historique - résultats
Vous n’avez pas pris ce quiz